Touts les Pays Vainqueurs de l’EURO de football en 20 secondes - Statistiques

Statistiques générales
  • Ce quiz a été pris 198 fois
  • Le résultat moyen est 13 sur 17
Statistiques - réponses
Année Pays % Correct
2000 France
98%
1984 France
98%
2024 Espagne
97%
2012 Espagne
97%
2008 Espagne
97%
1964 Espagne
97%
1996 Allemagne
88%
1980 Allemagne
88%
1972 Allemagne
88%
2020 Italie
87%
1968 Italie
87%
2016 Portugal
80%
2004 Grèce
61%
1992 Danemark
45%
1960 Union Soviétique
41%
1988 Pays Bas
40%
1976 Tchecoslovaquie
19%
Aucun quiz correspondant
Distribution des résultats
% des personnes avec chaque résultat
Percentile par nombre de réponses
Votre historique - résultats
Vous n’avez pas pris ce quiz